Direito contratual do trabalho

Detalles Bibliográficos
Autor principal: Pretti, Gleibe
Formato: eBook
Lenguaje:portugués
Publicado: San Pablo: LTR, 2017
Materias:
Acceso en línea:Acceso restringido

MARC

LEADER 00000nam a22000007a 4500
005 20180508225720.0
007 cr|||| ||||
008 180508s2017 br |||||s|||| 00||0 por d
020 |a 978-85-361-9460-8 
035 |a 21595 
040 |a vLex 
090 |c 7924  |d 7924 
100 1 |a Pretti, Gleibe 
245 1 0 |a Direito contratual do trabalho  |h [Recurso electrn̤ico] /  |c Gleibe Pretti 
256 |a Servicio en ln̕ea 
260 |a San Pablo:  |b LTR,  |c 2017 
300 |a 1 recurso electrn̤ico 
500 |a Meu caro amigo e leitor, muito obrigado por se interessar por esta obra! O simples fato de escolher esse livro na gn̥dola dentre tantos outros demonstra que se trata de um leitor especial, que antev ̊as mudanȧs na sociedade e na lei. Sendo assim, j ̀o parabenizo. Nesse livro, voc ̊encontrar ̀o que j ̀est ̀ocorrendo nas relaė̳s de trabalho e emprego e, com a reforma trabalhista, o encontro de todos os empregados e empregadores de uma avalanche que mudar ̀a maioria das relaė̳s de contrataȯ̂. Temas como teletrabalho, intermitente, hipersuficiente e muito mais sô aqui abordados, e isso far ̀com que voc,̊ prezado leitor, esteja ̉frente e se destaque no mercado. Nas palavras de Clarice Lispector: “Que ningum̌ se engane, s ̤se consegue a simplicidade atravš de muito trabalho”. Desta forma, vamos ao trabalho? 
506 1 |a Disponible solo en los productos indicados  |d vLex Global  |d vLex Global (Academic Edition, excluding Law Schools)  |d vLex Global (U.S. Academic Edition, Law Schools)  |d vLex Global (U.S. Academic Edition, excluding Law Schools)  |d vLex Global (Academic Edition, Law Schools) 
650 0 4 |a Derecho Civil  |z Brasil 
650 0 4 |a Derecho Laboral y Seguridad Social  |z Brasil 
740 0 |a vLex Libros (Servicio en ln̕ea) 
856 4 0 |u http://vlex.com/source/direito-contratual-do-trabalho-21595  |z Acceso restringido 
942 |c BOOK 
999 0 |a Civil Law 
999 0 |a Labor Law and Social Security